| 000 | 01125nji a22002777a 4500 | ||
|---|---|---|---|
| 005 | 20100903161258.0 | ||
| 006 | a|||||r|||||00| 0 | ||
| 007 | sd ammalaaahaa | ||
| 008 | 100830t xxu||||| |||| 00| 0 eng d | ||
| 028 |
_a20134 _bHis Master's Voice |
||
| 035 | _aGR-00558 | ||
| 040 |
_aSED _cSED |
||
| 100 |
_917455 _aPuri, N L |
||
| 245 |
_aMuskara muskara-Geet / _cby N L Puri ;Music by Mallick,Gopen ;lyric by Razi _h[sound recording] : |
||
| 246 | _aमुस्करा मुस्करा -गीत / एन ल पूरी द्वारा | ||
| 260 |
_aDum Dum, India _bHis Master's Voice _cn.d. |
||
| 300 |
_a1 sound disc [Gramophone Recording]: _banalog, 33 1/3 rpm _c9.5 in. (MP) _fGramophone Record |
||
| 500 | _aBrief Record | ||
| 505 | _aSide -2 यह कौन आ रहा है ( Yeh kaun aa raha hai ) ( N L Puri ) | ||
| 650 |
_aClassical music _zIndia _91186 _xExcerpts |
||
| 700 |
_917416 _aMallick Gopen |
||
| 700 |
_917456 _aRazi |
||
| 700 | _918240 | ||
| 942 |
_2ddc _cGR |
||
| 999 |
_c43711 _d43711 |
||